Primár MUDr. Tibor Miššík, CSc. päťdesiatnikom

Bibliographic Details
Main Author: Kondáš, Ondrej, 1930-2002 (Author)
Format: Article
Language:Slovak

MARC

LEADER 00000nab a2200000ua 4500
001 vtls010821420
003 SK-MaSNL
005 20260303103454.0
008 230121s1976 xo |||||||||||||||||slo|
035 |a (urnnbn)urn:nbn:sk:snk:ar-a05ypg 
035 |a urn:nbn:sk:snk-ab5on0 
035 |a (uuid)2d09f58c-c20f-4e1e-bb12-0e0162e80066 
040 |a SNKBUCL  |b slo  |c SNKBUCL  |e AACR2 
041 0 |a slo 
044 |a xo  |c SK 
100 1 |a Kondáš, Ondrej,  |d 1930-2002  |4 aut  |9 218670 
245 1 0 |a Primár MUDr. Tibor Miššík, CSc. päťdesiatnikom  |c O. Kondáš 
773 0 |t Protialkoholický obzor  |g Roč. 11, č. 1 (1976), s. 31-32 
954 |a odborná, vedecká literatúra pôvodná (slovenská)  |2 lita 
958 |a OND 
958 |a EUIPO 
958 |a article5 
999 |c 1849721  |d 1851651